00667nam a2200241 a 4500001001300000003000900013005001700022008004100039020001000080082001300090100002200103245002900125260004700154300000800201500003500209505001200244650002600256700002200282902000800304942000700312952009300319999001300412nice12345678IN_TiNIC20260116011317.0050524s1910 mada grp 000 0 urd  ac10000a231bKHA aKhan, Mohd Ismail aDo Sawalb Two Questions aMadrasbChristian Literature Societyc1910 a57p aincludes index and biblioraphy2 aIndexes aGod-Biblical Teaching1 aKhan, Mohd Ismail bSRS cBK 00104070aHMIbHMId2007-06-14g100.00l0o231 KHAp2993r2007-06-14w2026-01-16yARB c401d401